000 00658nam a22002297a 4500
003 UA-OsUOA
001 100948
007 ta
008 20130603b un ||||| |||| 00| 0 ukr d
100 _aШолохов-Синявский Г.
090 _a821.161.1
_bШ78
942 _cBK
040 _aUA-OsUOA
_brus
_cUA-OsUOA
_dUA-OsUOA
245 _aСуровая путина
_bроман в трех частях
300 _a422 с.
955 _a3
041 _arus
080 _a821.161.1
260 _aМ.
_bСоветский писатель
_c1958
650 7 _a82 Література. Літературознавство
_2UDC
999 _c387231
_d387231